000 00725nam a22001817a 4500
999 _c80850
_d80850
008 201130b ||||| |||| 00| 0 eng d
040 _bger
_cDE-2950
_erda
_aDE-2950
041 _ager
100 _aMahlke, Lisa:
245 _aMit der ganzen Welt Theater machen.
_bFreie Szene: wie bereitet man trotz Corona-Pandemie ein internationales Theaterfestival vor? Das Theater Frankfurt versucht es digital und analog /
_cLisa Mahlke
653 _aFrankfurt (Oder)
653 _aTheater
773 _dFrankfurt (Oder): Märkisches Verlags- und Druckhaus GmbH & Co KG
_g32. Jahrgang (2021) Nr. 63 vom 16.03.2021, S. 14
_tMärkische Oderzeitung
942 _cA